000 01254nam a22002537a 4500
005 20081031102215.0
008 081031t xxu||||| |||| 00| 0 hin d
010 _aB-284148
020 _a8189537202
_c395.00
035 _aB-284148
035 _aB-238674
037 _bयश पब्लि.
040 _adpl
_bhin
082 _a401.954
100 _aनारंग, वैश्ना
_946076
245 _aसमसामयिक भाषा विज्ञान
_cवैश्ना नारंग
260 _aदिल्ली
_bयश पब्लिकेशंस
_c2006
270 _aएक्स/909, चाँद मौहल्ला, गांधी नगर
_bदिल्ली
_e110031
_k011-22822514
300 _a254पृ.
_c22सेमी.
700 _a
_946077
942 _2ddc
_cHN
_h401.0954
_mनारंग
999 _c17343
_d17343